| 000 | 00709nam a22001937a 4500 | ||
|---|---|---|---|
| 999 |
_c169470 _d169470 |
||
| 005 | 20191121122109.0 | ||
| 010 | _aUR-10594 | ||
| 020 |
_c133.00 _a9789388736978 |
||
| 035 | _aU-9149 | ||
| 037 |
_bDBAD/PUB _a- |
||
| 082 | _a370 | ||
| 100 | _aمحمد ا فر و ز عا لم | ||
| 245 |
_aتعليمی نفسيا ت کے جد يد تصو ر ا ت _cمحمد ا فر و ز عا لم |
||
| 246 |
_bTaleemi Nafsiyat ke Jadeed Tasawwurat (Urdu) _aby Dr. Md. Afroz Alam |
||
| 260 |
_aDelhi _bEducational Publishing House _c2019 ء |
||
| 270 |
_a3191,Vakil Street, Kucha Pandit,Lal Kuan, _bDelhi _e110006 _k01123216162 _l- |
||
| 300 |
_a208 ص _c22 Cm(Hb) |
||
| 942 |
_2ddc _cUR _h370 _mم ح م |
||